Simposio Internacional sobre Fuentes de Energía y Desarrollo : (Record no. 144131)

MARC details
000 -LEADER
campo de control de longitud fija 01101nam a2200253 i 4500
001 - NÚMERO DE CONTROL
campo de control 144131
003 - IDENTIFICADOR DE NÚMERO DE CONTROL
campo de control ES-MaACL
005 - FECHA Y HORA DE LA ÚLTIMA TRANSACCIÓN
campo de control 20230906200942.0
007 - CAMPO FIJO DE DESCRIPCIÓN FÍSICA--INFORMACIÓN GENERAL
campo de control de longitud fija t|
008 - DATOS DE LONGITUD FIJA--INFORMACIÓN GENERAL
campo de control de longitud fija 070214s1978 sp 10110 mul d
020 ## - NÚMERO INTERNACIONAL ESTÁNDAR DEL LIBRO
Número Internacional Estándar del Libro 84-7110-029-0
080 ## - NÚMERO DE LA CLASIFICACIÓN DECIMAL UNIVERSAL
Número de la Clasificación Decimal Universal 620.91(063)
111 2# - ENTRADA PRINCIPAL--NOMBRE DE CONGRESO/REUNIÓN
Nombre de congreso/reunión o jurisdicción como elemento de entrada Simposio Internacional sobre Fuentes de Energía y Desarrollo (
Fecha del congreso o de la firma del tratado 1977.
Sede del congreso/Lugar de la reunión Barcelona)
9 (RLIN) 174666
245 10 - MENCIÓN DEL TÍTULO
Título Simposio Internacional sobre Fuentes de Energía y Desarrollo :
Resto del título ponencias y coloquios.
260 ## - PUBLICACIÓN, DISTRIBUCIÓN, ETC.
Lugar de publicación, distribución, etc. Madrid :
Nombre del editor, distribuidor, etc. Moneda y Crédito,
Fecha de publicación, distribución, etc. 1978 (
Lugar de fabricación/manufactura Barcelona :
Fabricante Gráf. Condal)
300 ## - DESCRIPCIÓN FÍSICA
Extensión 2 v. :
Otras características físicas il. ;
Dimensiones 23 cm.
500 ## - NOTA GENERAL
Nota general Texto en español, inglés y francés; Resúmenes en español e inglés.
504 ## - NOTA DE BIBLIOGRAFÍA, ETC.
Nota de bibliografía, etc. Referencias bibliográficas.
594 ## - Nota al título y mención de responsabilidad
Nota al título y mención de responsabilidad Precede al tít.: Banco Occidental, Servicio de Estudios, Barcelona. Servicio de Estudios en Barcelona, Banco Urquijo.
650 #4 - PUNTO DE ACCESO ADICIONAL DE MATERIA--TÉRMINO DE MATERIA
Término de materia o nombre geográfico como elemento de entrada Recursos energéticos-
Subdivisión de forma Congresos y asambleas.
9 (RLIN) 174667
710 2# - ENTRADA AGREGADA--NOMBRE DE ENTIDAD CORPORATIVA
Nombre de entidad corporativa o nombre de jurisdicción como elemento de entrada Banco Occidental.
Unidad subordinada Servicio de Estudios (Barcelona)
9 (RLIN) 2137
710 2# - ENTRADA AGREGADA--NOMBRE DE ENTIDAD CORPORATIVA
Nombre de entidad corporativa o nombre de jurisdicción como elemento de entrada Banco Urquijo.
Unidad subordinada Servicio de Estudios.
9 (RLIN) 2139
852 4# - LOCALIZACIÓN
Ubicación ES-MaACL
Número de control de estantería A-9032-33
Holdings
Estatus retirado Estado de pérdida Estado de daño No para préstamo Biblioteca de origen Biblioteca actual Ubicación en estantería Fecha de adquisición Fuente de adquisición Total de préstamos Signatura topográfica completa Código de barras Visto por última vez Precio de reemplazo Tipo de ítem Koha
        Biblioteca del Ateneo de Madrid Biblioteca del Ateneo de Madrid Depósito 1 17/01/2008     A-9032-33 1149955 23/02/2023 23/02/2023 Libro impreso